| 000 | 00809nas a2200265 4500 | ||
|---|---|---|---|
| 001 | BR9200574 | ||
| 003 | BR-BrBNA | ||
| 005 | 20231205092256.0 | ||
| 007 | ta | ||
| 008 | 230509b bl.|||p| |||| 00| 00por d | ||
| 040 |
_aBR-BrBNA _bpor _cBiblioteca Nacional de Agricultura |
||
| 041 | _a(Pt) | ||
| 072 | _aF60 | ||
| 100 | 1 | _aDias, J.C. | |
| 100 | 1 | _aGomez, R.J.H.C. | |
| 245 | 1 | _aAtividade de enzimas celulosicas de Trichoderma reesei em casca de semente de cacau (Theobroma cacao L.): estudo cinetico | |
| 650 | _aFUNGO | ||
| 650 | _aSEMENTE | ||
| 650 | _aCACAU | ||
| 650 | _aBIOQUIMICA VEGETAL | ||
| 650 | _aCELULASE | ||
| 773 | 0 |
_tCiencia e Pratica (Brazil) _xISSN 0100-3267 _g(Sep-Dec 1986), v. 10(3) p. 304-314 _wBR9200574 |
|
| 909 |
_a202311 _bLúcia _c55 _dLúcia Elande |
||
| 942 |
_2AGRIS _n0 _cANA |
||
| 999 |
_c130602 _d130602 |
||